RECYCLING OF POLYURETHANES (Record no. 210696)

MARC details
000 -LEADER
fixed length control field 00395nam a22001577a 4500
008 - FIXED-LENGTH DATA ELEMENTS--GENERAL INFORMATION
fixed length control field 240719b |||||||| |||| 00| 0 eng d
020 ## - INTERNATIONAL STANDARD BOOK NUMBER
International Standard Book Number 1-56676-737-7
022 ## - INTERNATIONAL STANDARD SERIAL NUMBER
International Standard Serial Number 1-56676-773-3
050 ## - LIBRARY OF CONGRESS CALL NUMBER
Classification number 501867
100 ## - MAIN ENTRY--PERSONAL NAME
Personal name KURT FRISCH
245 ## - TITLE STATEMENT
Title RECYCLING OF POLYURETHANES
250 ## - EDITION STATEMENT
Edition statement 1
260 ## - PUBLICATION, DISTRIBUTION, ETC.
Place of publication, distribution, etc. TECHNOMIC PUBLISHING
Name of publisher, distributor, etc. LANCASTER BASEL
Date of publication, distribution, etc. 1999
942 ## - ADDED ENTRY ELEMENTS (KOHA)
Source of classification or shelving scheme Library of Congress Classification
Koha item type Long Loan Book
Holdings
Withdrawn status Lost status Source of classification or shelving scheme Damaged status Not for loan Home library Current library Date acquired Total checkouts Full call number Barcode Date last seen Copy number Price effective from Koha item type
    Library of Congress Classification     Kisii University Library Kisii University Library 07/19/2024   TP 1175 R43 1999 000000006131 07/19/2024 C.1 07/19/2024 Long Loan Book